00381nam a22001097a 4500040000900000082001200009100005300021110004300074245009500117260004400212650001500256 cNUST a220 PRO aAbdur Rafay Muhammad Arham Khalil Harawal Ehsan  cProject Supervisor: Dr. Raja Amer Azim aPR-SOF-2158-Soft Robotic Gripper For Optimizing Picking & Placing In Food & Fruit Industry aISLAMABAD:bNUST COLLEGE OF EME,c2022. aDE-MECH-40